000 00635am a2200241a 44500
003 AR-BaBNM
005 20251128211050.0
008 222020s1978 #AR|||||||||||000 | ing||
020 _a0-582-55206-0
040 _cAR-BaBNM
100 1 _aAlexander, L.G.
245 1 0 _aQuestion and answer
_bgraded oral comprehension exercises
260 _aLondon
_bLongman
_c1978
300 _a146 p.
650 4 _aINGLES
650 4 _aENSEÑANZA DE IDIOMAS
650 4 _aACTIVIDADES DE APRENDIZAJE
650 4 _aEXPRESION ORAL
653 _aCOMPRENSION LECTORA
700 1 _aFerguson, Peter
_erevisión
942 _cBK
998 _craquel
999 _c18079
_d18079